000 00561nam a2200217Ia 4500
005 20251121201419.0
008 230125s9999 xx 000 0 und d
020 _a9780199459742
041 _aeng
082 _a158.1
_bMIT
100 _aMitra B K
_9215347
245 _aPersonality Development And Soft Skills.
260 _c2017
_bOxford University Press
_aNew Delhi
300 _a256p
440 _v5
500 _aPersonality Development
650 _aPersonality Development
_9213420
700 _aMitra B K
_9215347
906 _b29
942 _cBK
999 _c95590
_d95590